000 00570nam a2200241Ia 4500
005 20260320200906.0
008 008 262003s9999 xx 000 0 eng d
037 _aEBOOK
040 _aCRL
040 _beng
040 _cCRL
041 _2eng
041 _aeng
084 _qCRL
100 _aKolodziej
_9876240
245 0 _aIn-Band Full-Duplex Wireless Systems Handbook
260 _bIEEE
260 _c2021
856 _uhttps://ieeexplore.ieee.org/servlet/opac?bknumber=9380271
942 _cEBOOK
999 _c1717523
_d1717523